000 01335nam a2200337Ia 4500
001 Z_6246
003 CHAP
005 20231107145324.0
008 220113s2011 xx 000 0 und d
010 _a169500
040 _cCHAP
090 _aTesis P37 2209
100 _aPartida Luna, Sonia Guadalupe
_985804
245 _aContribución al estudio de parámetros hemáticos en ovinos criollos bajo las condiciones de la Granja Experimental de Chapingo /
_cSonia Guadalupe Partida Luna y Lizbeth Uribe Pérez
260 _aChapingo, México :
_bEl autor,
_c2011
300 _a63 h.
502 _aTesis (Ingeniero Agrónomo Especialista en Zootecnia) -- UACh, 2011 \ Dirección: Alfredo Butrón Ramírez ; asesoría: Rubén Esquivel Velázquez y Jorge Luis Hernández del Olmo
650 _aBiometría hemática
_9144292
650 _aGanado ovino
_xCriollo
_9144293
650 _aGranja Chapingo
_9144294
700 _a Butrón Ramírez, Alfredo, director
_9144295
700 _a Esquivel Velázquez, Rubén, asesor
_9144296
700 _a Hernández del Olmo, Jorge Luis, asesor
_9144297
700 _aI. Uribe Pérez, Lizbeth, coaut.
_9144298
856 4 2 _uhttp://10.13.5.2/tesis/114357.pdf
_yDescargar PDF
901 _aTESIS P37 2209
902 _aM
910 _a2011
942 _c2
_2ddc
942 _c2
_2ddc
999 _c169500
_d169500